[Event "Oslo Chess Festival 2017"]
[Site "Oslo"]
[Date "2017.09.30"]
[Round "2"]
[White "Ernst, Thomas"]
[Black "Gonzalez, Francisco Silva"]
[Result "1/2-1/2"]
[WhiteElo "2371"]
[BlackElo "2046"]
[Annotator "ChessBase"]
[PlyCount "51"]
[EventDate "2017.??.??"]
[EventType "swiss"]
[EventCountry "NOR"]
[SourceTitle "playchess.com"]
[Source "ChessBase"]
[SourceQuality "1"]
[TimeControl "5400+30"]

1. e4 {[%emt 0:00:05]} e5 {[%emt 0:03:45]} 2. Nf3 {[%emt 0:00:06]} Nc6 {[%emt 0:00:18]} 3. Bb5 {[%emt 0:00:15]} a6 {[%emt 0:00:11]} 4. Ba4 {[%emt 0:00:06]} Nf6 {[%emt 0:00:14]} 5. O-O {[%emt 0:00:11]} Bc5 {[%emt 0:00:43]} 6. c3 {[%emt 0:00:33]} b5 {[%emt 0:00:43]} 7. Bb3 {[%emt 0:01:18]} d6 {[%emt 0:00:13]} 8. d4 {[%emt 0:04:37]} Bb6 {[%emt 0:00:54]} 9. dxe5 {[%emt 0:03:30]} Nxe5 {[%emt 0:00:43]} 10. Nxe5 {[%emt 0:00:27]} dxe5 {[%emt 0:00:13]} 11. Qxd8+ {[%emt 0:00:14]} Kxd8 {[%emt 0:00:11]} 12. Bxf7 {[%emt 0:00:14]} Rf8 {[%emt 0:00:11]} 13. Bd5 {[%emt 0:05:07]} Nxd5 {[%emt 0:00:09]} 14. exd5 {[%emt 0:00:04]} Bb7 {[%emt 0:00:04]} 15. c4 {[%emt 0:01:12]} bxc4 {[%emt 0:00:23]} 16. Nc3 {[%emt 0:00:07]} Bd4 {[%emt 0:02:10]} 17. Be3 {[%emt 0:00:18]} Bxc3 {[%emt 0:06:39]} 18. bxc3 {[%emt 0:00:06]} Bxd5 {[%emt 0:00:17]} 19. Rad1 {[%emt 0:02:28]} c6 {[%emt 0:00:42]} 20. Rb1 {[%emt 0:00:14]} Kc7 {[%emt 0:06:26]} 21. f4 {[%emt 0:01:00]} Rab8 {[%emt 0:03:27]} 22. Rxb8 {[%emt 0:01:10]} Rxb8 {[%emt 0:00:07]} 23. fxe5 {[%emt 0:00:10]} Rb2 {[%emt 0:00:03]} 24. Rf2 {[%emt 0:00:12]} Rb1+ {[%emt 0:00:57]} 25. Rf1 {[%emt 0:00:05]} Rb2 {[%emt 0:00:14]} 26. Rf2 {[%emt 0:00:10]} 1/2-1/2

[Event "Oslo Chess Festival 2017"]
[Site "Oslo"]
[Date "2017.09.30"]
[Round "2"]
[White "Maksimovic, Branimir"]
[Black "Bruaset, Eivind"]
[Result "0-1"]
[WhiteElo "2343"]
[BlackElo "2012"]
[Annotator "NA"]
[PlyCount "146"]
[EventDate "2017.??.??"]
[EventType "swiss"]
[EventCountry "NOR"]
[SourceTitle "playchess.com"]
[Source "ChessBase"]
[SourceQuality "1"]
[TimeControl "5400+30"]

1. e4 {[%emt 0:00:38]} e6 {[%emt 0:00:33]} 2. d4 {[%emt 0:00:07]} d5 {[%emt 0:00:08]} 3. Nc3 {[%emt 0:00:33]} Bb4 {[%emt 0:00:59]} 4. e5 {[%emt 0:00:10]} c5 {[%emt 0:00:09]} 5. a3 {[%emt 0:00:07]} Bxc3+ {[%emt 0:00:09]} 6. bxc3 {[%emt 0:00:02]} Qa5 {[%emt 0:00:13]} 7. Bd2 {[%emt 0:00:24]} Qa4 {[%emt 0:00:08]} 8. Qg4 {[%emt 0:00:07]} g6 {[%emt 0:01:35]} 9. Nf3 {[%emt 0:01:15] C18: French: 3 Nc3 Bb4: Main line: 7 h4 and 7 Qg4} c4 {[%emt 0:02:19]} (9... Nc6 10. Be2 b6 11. O-O cxd4 12. Nxd4 Nxd4 13. cxd4 Ba6 14. Bxa6 Qxa6 15. c4 Ne7 16. Bb4 Qb7 17. Bxe7 Qxe7 18. cxd5 exd5 {1-0 (50) Bobras,P (2523)-Socko,B (2613) Bialystok 2016}) 10. Be2 {[%emt 0:01:39] LiveBook: 5 Games} Qxc2 {[%emt 0:14:46]} 11. O-O {[%emt 0:01:54]} h6 {[%emt 0:12:44]} ({Predecessor:} 11... Nd7 12. a4 Qf5 13. Qg3 h5 14. Nh4 Qc2 15. Qg5 Nf8 16. Rfc1 Qb2 {½-½ (45) Papp,P (2302)-Stojkovska,M (1997) Skopje 2014}) 12. Bd1 {[%emt 0:01:29]} Qf5 {[%emt 0:02:15]} 13. Qg3 {[%emt 0:00:25]} g5 {[%emt 0:03:24]} 14. Ra2 {[%emt 0:01:47]} Qg6 $1 {[%emt 0:04:35]} 15. Bc2 {[%emt 0:00:08]} Qh5 {[%emt 0:03:42]} 16. Bd1 {[%emt 0:07:31]} Qg6 {[%emt 0:01:54]} 17. h4 {[%emt 0:03:38]} gxh4 {[%emt 0:06:19]} 18. Qxh4 {[%emt 0:00:59]} Ne7 {[%emt 0:03:31]} 19. Bc2 {[%emt 0:00:50]} Nf5 {[%emt 0:05:10]} 20. Qh3 {[%emt 0:00:16]} Qg7 {[%emt 0:00:49]} 21. g3 {[%emt 0:10:53]} Nc6 {[%emt 0:02:40]} 22. Kg2 {[%emt 0:12:51]} Nce7 {[%emt 0:02:51]} 23. Rb2 {[%emt 0:06:53]} b6 {[%emt 0:05:42]} 24. a4 {[%emt 0:01:31]} Bd7 {[%emt 0:01:16]} 25. a5 {[%emt 0:02:16]} b5 {[%emt 0:02:38]} 26. a6 {[%emt 0:00:10]} Kd8 {[%emt 0:01:18]} (26... Rb8 $1 $11) 27. Rh1 {[%emt 0:07:22]} Rb8 {[%emt 0:04:53] [#]} (27... Kc7 $14) 28. Bg5 $1 {[%emt 0:01:26]} Rg8 {[%emt 0:03:52]} 29. Bf6 {[%emt 0:00:12]} ({Not} 29. Bxh6 Nxh6 30. Qxh6 Qxh6 $15) 29... Qf8 {[%emt 0:04:02]} 30. Kf1 $2 {[%emt 0:03:48]} ({White should try} 30. Bxf5 $1 $16 exf5 31. Qxh6) 30... Kc7 {[%emt 0:06:25]} 31. g4 {[%emt 0:00:12]} Ng6 $2 {[%emt 0:03:49]} (31... Nc6 $1 $15 {behält die Oberhand.} 32. gxf5 Qa3) 32. gxf5 {[%emt 0:00:36]} Qa3 {[%emt 0:00:31]} 33. fxg6 {[%emt 0:03:28]} Qxb2 {[%emt 0:00:30]} 34. Ne1 {[%emt 0:00:52]} fxg6 {[%emt 0:00:30]} 35. Be7 {[%emt 0:00:27]} Rb6 {[%emt 0:00:41]} 36. Bd6+ {[%emt 0:00:25]} Kc6 {[%emt 0:00:24]} 37. Qxh6 {[%emt 0:04:21]} Rxa6 {[%emt 0:00:22]} 38. Qd2 {[%emt 0:00:29]} Rb6 {[%emt 0:01:10]} 39. Ke2 {[%emt 0:08:30]} Qa1 {[%emt 0:00:43]} 40. Rg1 {[%emt 0:00:43]} Qa6 {[%emt 0:00:26]} 41. Rxg6 {[%emt 0:00:42]} Qc8 {[%emt 0:00:05]} 42. Qg5 {[%emt 0:02:09]} Rxg6 {[%emt 0:00:20]} 43. Bxg6 {[%emt 0:00:31]} Be8 {[%emt 0:00:29]} 44. Nc2 {[%emt 0:01:49]} a5 {[%emt 0:00:16]} 45. f4 {[%emt 0:00:32]} Rb7 {[%emt 0:01:03]} 46. f5 {[%emt 0:02:11]} Bxg6 {[%emt 0:00:10]} 47. fxg6 {[%emt 0:05:56]} Rg7 {[%emt 0:00:28]} 48. Kd2 {[%emt 0:02:49]} Qg8 {[%emt 0:00:15]} 49. Kc1 {[%emt 0:00:07]} Rxg6 {[%emt 0:00:12]} 50. Qe7 {[%emt 0:00:09]} Rg7 {[%emt 0:00:04]} 51. Qf6 {[%emt 0:00:03]} Rg6 {[%emt 0:00:02]} 52. Qh4 {[%emt 0:01:24]} Rg4 {[%emt 0:00:40]} 53. Qh6 {[%emt 0:00:59]} Rg6 {[%emt 0:00:26]} 54. Qf8 {[%emt 0:00:25]} Qxf8 {[%emt 0:01:45]} 55. Bxf8 {[%emt 0:00:01]} Rg3 {[%emt 0:00:39]} 56. Kb2 {[%emt 0:00:04]} Rg2 {[%emt 0:00:20]} 57. Be7 {[%emt 0:00:01]} Kd7 {[%emt 0:00:26]} 58. Bc5 {[%emt 0:00:06]} Kc6 {[%emt 0:00:18]} 59. Be7 {[%emt 0:00:02]} Kd7 {[%emt 0:00:03]} 60. Bf8 {[%emt 0:00:10]} Kc6 {[%emt 0:00:14]} 61. Kc1 {[%emt 0:00:06]} Rg3 {[%emt 0:00:44]} 62. Kb2 {[%emt 0:00:27]} Rg2 {[%emt 0:00:01]} 63. Bh6 {[%emt 0:00:20]} b4 {[%emt 0:00:23]} 64. Kb1 {[%emt 0:02:03]} Kb5 {[%emt 0:01:17]} 65. Bf8 {[%emt 0:00:08]} Rg3 {[%emt 0:00:26]} 66. cxb4 {[%emt 0:03:18]} axb4 {[%emt 0:00:05]} 67. Kb2 {[%emt 0:00:07]} Ka4 {[%emt 0:00:43]} 68. Kb1 {[%emt 0:03:59]} Kb3 {[%emt 0:01:53]} 69. Bxb4 {[%emt 0:00:10]} Rg2 {[%emt 0:00:11]} 70. Ne1 {[%emt 0:00:39]} Rg1 $19 {[%emt 0:00:24]} 71. Bd2 {[%emt 0:00:16]} c3 {[%emt 0:00:05]} 72. Kc1 {[%emt 0:00:02]} cxd2+ {[%emt 0:00:25]} 73. Kxd2 {[%emt 0:00:02]} Rxe1 {[%emt 0:00:14]} 0-1

[Event "Oslo Chess Festival 2017"]
[Site "Oslo"]
[Date "2017.09.30"]
[Round "2"]
[White "Efroimski, Marsel"]
[Black "Ilyes, Peter"]
[Result "1-0"]
[WhiteElo "2331"]
[BlackElo "1996"]
[Annotator "NA"]
[PlyCount "91"]
[EventDate "2017.??.??"]
[EventType "swiss"]
[EventCountry "NOR"]
[SourceTitle "playchess.com"]
[Source "ChessBase"]
[SourceQuality "1"]
[TimeControl "5400+30"]

1. e4 {[%emt 0:00:01]} e6 {[%emt 0:00:09]} 2. d4 {[%emt 0:00:05]} d5 {[%emt 0:00:02]} 3. Nd2 {[%emt 0:00:06]} dxe4 {[%emt 0:00:07]} 4. Nxe4 {[%emt 0:00:04]} Nd7 {[%emt 0:00:11]} 5. Nf3 {[%emt 0:00:05]} Ngf6 {[%emt 0:00:11]} 6. Nxf6+ {[%emt 0:00:06]} Nxf6 {[%emt 0:00:10] LiveBook: 1907 Games} 7. Bd3 {[%emt 0:00:39]} c5 {[%emt 0:00:20]} 8. Be3 {[%emt 0:00:08]} Qb6 {[%emt 0:06:28] C10: French with 3 Nc3: Unusual Black 3rd moves and 3...dxe4} (8... Qc7 9. Qe2 a6 10. O-O b6 11. c3 Bb7 12. Bc2 Bd6 13. Ba4+ b5 14. dxc5 Bxc5 15. Bc2 Ng4 16. g3 Nxe3 17. fxe3 {1-0 (39) Karjakin,S (2783)-Meier,G (2630) chess.com INT 2017}) 9. Ne5 $146 {[%emt 0:10:46]} ({Predecessor:} 9. O-O Be7 10. Qe2 O-O 11. c3 Rd8 12. Ne5 Qc7 13. Qf3 Bd6 14. Rad1 Nd5 15. Qh3 g6 16. Qh4 {1-0 (26) Santos Crespo,I (2485)-Alexandre Bisquert,F (2326) ICCF 2005}) 9... cxd4 {[%emt 0:04:16] [#]} 10. Bxd4 $1 {[%emt 0:01:28]} Bc5 {[%emt 0:00:32]} 11. Bxc5 {[%emt 0:04:23]} Qxc5 {[%emt 0:00:03]} 12. Qe2 {[%emt 0:00:27]} Qa5+ {[%emt 0:12:25]} 13. c3 {[%emt 0:00:24]} a6 {[%emt 0:00:03]} 14. O-O {[%emt 0:08:25]} O-O {[%emt 0:07:59]} 15. c4 {[%emt 0:04:51]} Qc5 {[%emt 0:05:35]} 16. Rac1 {[%emt 0:09:41]} Nd7 {[%emt 0:15:33]} 17. Nf3 {[%emt 0:15:08]} a5 {[%emt 0:05:55]} 18. Rfe1 {[%emt 0:04:48]} Qh5 {[%emt 0:02:44]} 19. Qd2 {[%emt 0:03:35]} b6 {[%emt 0:05:00]} 20. Re4 {[%emt 0:08:33]} Nf6 {[%emt 0:16:45]} (20... Qc5 $11) 21. Re5 {[%emt 0:13:45]} (21. Rh4 $16 Qc5 22. Re1) 21... Qh6 $1 {[%emt 0:00:02]} 22. Qxh6 {[%emt 0:01:30]} gxh6 23. Rb5 {[%emt 0:01:18]} Nd7 {[%emt 0:00:02]} 24. Rh5 {[%emt 0:05:28]} Kg7 {[%emt 0:00:42]} (24... Nc5 $5 {[%cal Rc5d3]} 25. Be2 Bb7 $14) 25. Re1 $11 {[%emt 0:01:11]} (25. Be4 $5 {[%cal Re4a8]} Nf6 26. Bxa8 Nxh5 27. b3 $11) 25... Nc5 {[%emt 0:00:36]} 26. Re3 {[%emt 0:03:55]} f5 {[%emt 0:00:52]} 27. Ne5 {[%emt 0:00:54]} f4 {[%emt 0:00:33]} 28. Reh3 {[%emt 0:00:40]} Nxd3 {[%emt 0:05:02]} 29. Rxd3 {[%emt 0:00:16]} Rf5 {[%emt 0:00:34]} 30. Rxf5 {[%emt 0:00:23]} exf5 {[%emt 0:00:01]} 31. Rd6 {[%emt 0:00:53]} Rb8 {[%emt 0:00:28]} 32. Rd8 {[%emt 0:00:56]} Ra8 {[%emt 0:00:36]} 33. Nd3 {[%emt 0:01:08]} f3 {[%emt 0:00:17]} 34. gxf3 {[%emt 0:00:09]} Bb7 {[%emt 0:00:03]} 35. Rd7+ {[%emt 0:00:05]} Kg6 {[%emt 0:00:20]} 36. Rxb7 {[%emt 0:00:05]} Rd8 {[%emt 0:00:23]} 37. Nf4+ {[%emt 0:00:11]} Kf6 {[%emt 0:00:10]} 38. Rxb6+ {[%emt 0:00:14]} Ke5 {[%emt 0:00:02]} 39. Nd5 {[%emt 0:00:06]} Kd4 {[%emt 0:00:09]} 40. b3 {[%emt 0:00:07]} Re8 {[%emt 0:00:28]} 41. Kf1 {[%emt 0:00:04]} Kd3 {[%emt 0:00:12]} 42. Rxh6 {[%emt 0:00:06]} Kd2 {[%emt 0:00:05]} 43. Rxh7 {[%emt 0:00:08]} Re1+ {[%emt 0:00:02]} 44. Kg2 {[%emt 0:00:06]} Ra1 {[%emt 0:00:10]} 45. a4 {[%emt 0:00:03]} Ra3 {[%emt 0:00:18]} 46. Rb7 {[%emt 0:00:05]} 1-0

[Event "Oslo Chess Festival 2017"]
[Site "Oslo"]
[Date "2017.09.30"]
[Round "2"]
[White "Lund, Gunnar"]
[Black "Vovk, Andriy"]
[Result "0-1"]
[WhiteElo "2244"]
[BlackElo "2622"]
[Annotator "TA"]
[PlyCount "56"]
[EventDate "2017.??.??"]
[EventType "swiss"]
[EventCountry "NOR"]
[SourceTitle "playchess.com"]
[Source "ChessBase"]
[SourceQuality "1"]

{[%evp 10,56,31,18,46,40,46,52,43,29,46,29,67,67,108,95,103,97,89,109,125,97,100,91,114,122,127,3,-20,-4,55,69,177,180,161,94,131,0,0,0,0,0,0,0,-3,-3,0,-156,-161]} 1. e4 c5 2. Nf3 d6 3. Bb5+ Nd7 4. O-O a6 5. Bd3 e6 (5... Ngf6 6. c3 g6 7. Re1 Bg7 8. Bf1 b5 9. d4 cxd4 10. cxd4 Bb7 11. e5 dxe5 12. dxe5 Nd5 13. e6 fxe6 14. Ng5 Nc5 15. Qf3 Rf8 16. Qh3 {½-½ (40) Navara,D (2737)-Nepomniachtchi,I (2751) Saint Louis 2017}) 6. c3 {LiveBook: 7 Partien. B51: Sizilianisch (Rossolimo-Variante)} g5 7. Bc2 g4 8. Ne1 {Weiß steht etwas besser.} Ngf6 9. d4 Rg8 $146 ({Vorgänger:} 9... h5 10. Be3 Qc7 11. Nd2 b6 12. Qe2 h4 {1-0 (32) Fidalgo,A (2058)-Silva,M (2174) Oeiras 2015}) 10. Qe2 Qc7 11. f4 h5 12. e5 Nd5 13. f5 {fxe6 ist eine echte Drohung.} cxd4 14. fxe6 fxe6 15. exd6 Qxd6 16. cxd4 Bg7 17. Bg6+ $1 Kd8 18. Bf7 (18. Nc2 $16) 18... Bxd4+ $11 19. Kh1 $132 {[%mdl 2048] Weiss is fighting back} Rf8 (19... Rg7 $1 $11 20. Qxe6 Qxe6 21. Bxe6 N7b6) 20. Bh6 $1 $14 {[%cal Rh6f8]} Rh8 ({Besser ist} 20... Qe5 $1 $14 21. Qxe5 Bxe5) 21. Bg5+ $18 Bf6 {[#]} 22. Bxf6+ (22. Rxf6 $1 $18 {[%mdl 512]} N5xf6 23. Nc3) 22... N7xf6 23. Nd2 (23. Nc3 $16 {Droht Txf6! und aus.} Qe7 24. Bg6) 23... Qe7 $11 24. Bg6 Rg8 25. Be4 Bd7 26. Nd3 Rc8 27. Nb3 Bb5 28. Nd4 $2 (28. Rfe1 $11) 28... Rc4 {Precision: Weiß = 68%, Schwarz = 48%.} 0-1

[Event "Oslo Chess Festival 2017"]
[Site "Oslo"]
[Date "2017.09.30"]
[Round "2"]
[White "Ronneland, Daniel"]
[Black "Cornette, Matthieu"]
[Result "0-1"]
[WhiteElo "2218"]
[BlackElo "2602"]
[Annotator "TA"]
[PlyCount "94"]
[EventDate "2017.??.??"]
[EventType "swiss"]
[EventCountry "NOR"]
[SourceTitle "playchess.com"]
[Source "ChessBase"]
[SourceQuality "1"]

{[%evp 11,94,24,44,-16,-20,-29,-25,-25,-24,-31,-29,-26,-5,-33,-41,-39,-34,-40,-43,-42,-32,-33,-29,-35,-39,-125,-122,-124,-130,-131,-123,-135,-132,-132,-128,-216,-213,-212,-206,-222,-212,-226,-226,-210,-211,-236,-238,-236,-237,-224,-231,-199,-154,-158,-164,-160,-153,-389,-389,-389,-389,-388,-387,-384,-379,-344,-315,-426,-436,-412,-368,-409,-400,-784,-762,-1404,-1367,-5866,-5230,-29978,-29979,-29979,-29980,-29980,-29980]} 1. e4 c6 2. d4 d5 3. e5 Bf5 4. Nf3 e6 5. Be2 Ne7 {[%cal Bg8e7,Be7g6,Bg6f4,Bf4e2][%mdl 32]} 6. O-O Ng6 {LiveBook: 21 Partien. B12: Caro-Kann (Vorstoß-Variante)} 7. Nbd2 (7. Be3 $14) 7... Nf4 $11 8. Nb3 $146 ({Vorgänger:} 8. c4 Be7 9. Re1 Nxe2+ 10. Qxe2 h6 11. b3 a5 12. Nf1 Qb6 13. Ne3 Bh7 14. Bd2 {0-1 (43) Bromberger,S (2535)-Howell,D (2644) Germany 2017}) 8... Nxe2+ {Schwarz hat minimalen Vorteil.} 9. Qxe2 Be7 10. a4 a5 11. Be3 Bg4 12. c3 Nd7 13. h3 Bh5 14. Nbd2 Qb6 15. b3 Qa6 16. Qxa6 Rxa6 {[%cal Ba8a6,Ba6b6,Bb6b5][%mdl 32]} 17. Rfb1 O-O 18. b4 (18. Rc1 $15) 18... axb4 $17 19. cxb4 Rfa8 20. a5 Bg6 21. Rb2 {[#]} Rb6 $1 {[%mdl 512]} 22. Ra4 (22. axb6 Rxa1+) 22... Rb5 23. Nb1 {[#]} (23. Ne1 $17) 23... Nb6 $1 $19 {[%cal Rb6a4][%mdl 512]} 24. Raa2 (24. axb6 Rxa4) 24... Nc4 ({Schwächer ist} 24... Bxb4 25. axb6 Rxa2 26. Rxa2 $16) ({Keinesfalls} 24... Rxb4 25. Bd2) 25. Na3 Rxb4 (25... Nxb2 26. Nxb5 Nc4 27. Nd6) 26. Nxc4 dxc4 27. Rxb4 Bxb4 28. Ra4 Be7 {zielt auf ...b5 ab.} ({Finger weg von} 28... Bxa5 29. d5 $17) 29. Rxc4 Rxa5 30. Nd2 Ra3 31. Rc1 Bd3 32. Nc4 Bxc4 33. Rxc4 $17 {[%mdl 4096] Endspiel KTL-KTL} Ra1+ 34. Rc1 $2 (34. Kh2 $17) 34... Rxc1+ $19 35. Bxc1 {KL-KL} Kf8 36. Kf1 c5 37. dxc5 Bxc5 38. Ke2 Ke7 39. f4 Kd7 40. Kd3 Kc6 41. Ke4 Kb5 42. f5 (42. Kd3 $142 Ka4 43. Kc4) 42... Kc4 43. g4 Kc3 44. f6 g6 45. Kf4 Kc2 {Schwarz setzt Matt.} 46. Kg5 Kxc1 47. Kh6 b5 {Precision: Weiß = 29%, Schwarz = 89%.} 0-1

[Event "Oslo Chess Festival 2017"]
[Site "Oslo"]
[Date "2017.09.30"]
[Round "2"]
[White "Nordquelle, Daniel"]
[Black "Chatalbashev, Boris"]
[Result "0-1"]
[WhiteElo "2203"]
[BlackElo "2537"]
[Annotator "TA"]
[PlyCount "68"]
[EventDate "2017.??.??"]
[EventType "swiss"]
[EventCountry "NOR"]
[SourceTitle "playchess.com"]
[Source "ChessBase"]
[SourceQuality "1"]

{[%evp 15,68,25,31,31,28,35,31,-12,-25,-138,-92,-97,-96,-83,-10,-3,93,-114,-114,-121,-121,-118,-117,-153,-141,-318,-249,-543,-63,-64,-42,-45,-46,-141,-144,-164,-166,-159,-156,-167,-137,-137,-130,-136,-118,-131,-121,-154,-154,-150,-158,-173,-154,-831,-825]} 1. e4 g6 2. d4 Bg7 3. Nc3 c6 4. f4 d5 5. e5 Nh6 6. Nf3 f6 7. Bd3 Bg4 8. O-O O-O 9. h3 {B15: Caro-Kann: 3 Nc3: 3...g6 and 3...dxe4 4 Nxe4 Nf6 5 Nxf6+ exf6} Bxf3 10. Rxf3 e6 11. Be3 {White is slightly better.} (11. Ne2 fxe5 12. dxe5 Nd7 13. c3 Qe7 14. Bc2 g5 15. Rg3 gxf4 16. Nxf4 Kh8 17. Rxg7 Qxg7 {1-0 (29) Eljanov,P (2739)-Arnaudov,P (2435) Ohrid 2017}) 11... c5 12. Bf1 $146 (12. dxc5 $11 {keeps the balance.} fxe5 13. fxe5) ({Predecessor:} 12. Nb5 a6 13. Nd6 cxd4 14. Bxd4 Nc6 15. Bc5 fxe5 16. fxe5 Nxe5 17. Re3 Qc7 18. Ba3 Qb6 19. Qe2 Nxd3 {0-1 (19) Sveshnikov,V (2416)-Krupenski,J (2426) Vilnius 2017}) 12... Nf5 13. Ne2 cxd4 14. Nxd4 Nxe3 ({Better is} 14... Nxd4 $17 15. Bxd4 fxe5 16. fxe5 Rxf3 17. Qxf3 Nc6) 15. Rxe3 $11 fxe5 (15... Nd7 $11) 16. fxe5 $2 (16. Nxe6 $16 {is necessary to keep the advantage.} Qb6 17. Qxd5 Qxe3+ 18. Kh1) 16... Nc6 $1 $17 17. Nxc6 (17. Nxe6 $2 Qb6 $19) 17... bxc6 18. Qd4 Qg5 19. Rae1 Rf4 20. Qc5 $2 (20. Qd3 $17) 20... Raf8 $19 21. c3 $2 (21. Qxa7 d4 22. Ra3) 21... d4 $2 (21... Bh6 $19 {White must now prevent ...Rxf1+!} 22. g4 Rxf1+ $1 {[%mdl 512]} 23. Rxf1 Rxf1+ 24. Kxf1 Qxe3 25. Qxe3 Bxe3) 22. Rd3 $15 Qf5 {[%cal Rf4f1]} (22... Rxf1+ $5 23. Rxf1 Rxf1+ 24. Kxf1 Qc1+ 25. Ke2 Qc2+ 26. Rd2 d3+ 27. Ke1 Bh6 $15) 23. Rdd1 {[#]} Bxe5 $1 {[%mdl 512]} 24. Bd3 {[#]} (24. Qxc6 $15 dxc3 25. Bc4) (24. Qxe5 Rxf1+) 24... Rf1+ $1 $17 {[%mdl 512]} 25. Bxf1 (25. Rxf1 $2 {perishes.} Bh2+ 26. Kxh2 Qxc5 $19) 25... Bh2+ $1 26. Kxh2 Qxc5 27. Rxd4 e5 28. Rde4 Qd6 29. Kg1 Rf5 30. Be2 Qd2 31. Bg4 {[#] Strongly threatening R4e2.} Rf2 $1 {[%cal Rf2g2]} 32. Bf3 Qxb2 33. Rxe5 {intending Re8+.} Rc2 ({Resist} 33... Qxa2 34. Re8+ Kg7 35. R1e7+ Kh6 36. Rh8 $15) 34. Bxc6 $2 (34. Re8+ $17 Kg7 35. Kh2) 34... Qb6+ {Precision: White = 32%, Black = 56%.} 0-1

[Event "Oslo Chess Festival 2017"]
[Site "Oslo"]
[Date "2017.09.30"]
[Round "2"]
[White "Nielsen, Andre"]
[Black "Stany, G A"]
[Result "0-1"]
[WhiteElo "2162"]
[BlackElo "2491"]
[Annotator "TA"]
[PlyCount "62"]
[EventDate "2017.??.??"]
[EventType "swiss"]
[EventCountry "NOR"]
[SourceTitle "playchess.com"]
[Source "ChessBase"]
[SourceQuality "1"]

{[%evp 18,61,26,25,22,-9,-14,-52,-44,-49,-52,-58,-50,-57,0,-6,0,0,31,43,27,22,60,9,0,-295,-295,-279,-123,-114,-110,-129,-110,-118,-118,-2039,-2020,-29994,-29995,-29995,-29996,-29997,-882,-29998,-29999,-29999]} 1. e4 g6 2. d4 Bg7 3. Nc3 c6 4. f4 d5 5. e5 Qb6 (5... h5 6. Nf3 Nh6 7. Be3 Qb6 8. Rb1 Bg4 9. Be2 Nd7 10. O-O Nf8 11. Na4 Qc7 12. Nc5 Nf5 13. Bf2 Bh6 14. Nh4 Bxf4 15. Bxg4 Ne3 {1-0 (52) Duda,J (2693)-Jobava,B (2713) Chartres 2017}) 6. Nf3 {B15: Caro-Kann: 3 Nc3: 3...g6 and 3...dxe4 4 Nxe4 Nf6 5 Nxf6+ exf6} Bg4 7. Be2 Nh6 8. h3 Bxf3 9. Bxf3 Nf5 10. Ne2 {LiveBook: 3 Games} h5 11. g3 $146 ({Predecessor:} 11. O-O e6 12. b3 c5 {0-1 (37) Llobel Cortell,E (2399)-Novikov,S (2513) Tallinn 2016}) 11... e6 12. O-O c5 $1 13. dxc5 Qxc5+ 14. Kg2 Nc6 15. c3 g5 (15... O-O-O $15) 16. fxg5 $11 Bxe5 17. Nf4 h4 18. g6 hxg3 {White must now prevent ...Nh4+.} 19. gxf7+ Kxf7 {And now ...Nh4+ would win.} 20. Bh5+ ({White should play} 20. Nd3 $14 Qc4 21. Nxe5+ Nxe5 22. Bxd5 $1 {[%mdl 512]} exd5 23. Rxf5+ Ke6 24. Rf4) 20... Ke7 21. Qg4 $2 {[%mdl 8192]} (21. Ng6+ $11 Kd6 22. Bg4) 21... Rag8 $19 22. Nxe6 {[#]} Rxg4 (22... Ne3+ $1 $19 {and Black stays clearly on top.} 23. Bxe3 Qxe3) 23. Nxc5 $17 Nh4+ 24. Kg1 Rg7 $36 {[%mdl 2048] Black has strong initiative.} 25. Bg4 {[#]} Nd4 $1 {[%mdl 512]} 26. Bf4 $2 {[%mdl 8192] [#]} (26. Nb3 $17 g2 27. Nxd4 gxf1=N 28. Kxf1) (26. cxd4 Bxd4+) 26... Rxg4 $1 $19 {[%mdl 512]} 27. hxg4 Ne2+ 28. Kh1 Nf5+ 29. Kg2 Rh2+ 30. Kf3 {[#]} Ng1+ $1 {[%mdl 512]} 31. Rxg1 Rf2# {Precision: White = 60%, Black = 65%.} 0-1

[Event "Oslo Chess Festival 2017"]
[Site "Oslo"]
[Date "2017.09.30"]
[Round "2"]
[White "Lillevold, Frode"]
[Black "Notkevich, Benjamin Arvola"]
[Result "1/2-1/2"]
[WhiteElo "2128"]
[BlackElo "2458"]
[Annotator "TA"]
[PlyCount "62"]
[EventDate "2017.??.??"]
[EventType "swiss"]
[EventCountry "NOR"]
[SourceTitle "playchess.com"]
[Source "ChessBase"]
[SourceQuality "1"]

{[%evp 20,62,24,22,41,52,31,28,34,18,59,50,38,24,56,48,47,46,53,54,69,71,72,58,76,69,84,33,44,51,45,13,44,0,0,0,0,0,0,0,0,0,0,0,0]} 1. d4 Nf6 2. c4 g6 3. Nc3 d5 4. Nf3 Bg7 5. Bg5 Ne4 6. Bh4 c5 7. cxd5 Nxc3 8. bxc3 Qxd5 9. e3 Nc6 10. Be2 cxd4 11. cxd4 Qa5+ {D91: Grünfeld: 4 Nf3 Bg7 5 Bg5} (11... O-O 12. O-O Bf5 13. h3 Rac8 14. Qb3 Qxb3 15. axb3 a6 16. g4 Be4 17. Nd2 Bd5 18. Nc4 Rcd8 19. Rac1 Rfe8 20. Rfd1 Nb4 {1-0 (60) Tomashevsky,E (2747)-Khairullin,I (2662) Chita 2015}) 12. Qd2 Qxd2+ 13. Kxd2 O-O {White has an edge.} 14. Bb5 e6 15. Bxc6 bxc6 16. Rhc1 Rb8 $146 17. Rxc6 Bb7 18. Rc7 Be4 19. Rac1 a6 20. Be7 {[#] Black must now prevent Ng5.} Rfe8 21. Ba3 Bf8 22. Bxf8 Rxf8 23. Ne5 (23. Kc3 $16) 23... Rb2+ $14 24. Ke1 {[#] Strongly threatening Nd7.} Bxg2 25. Ra7 Rxa2 26. Nd7 Rd8 {The position is equal.} 27. Rcc7 Ra1+ 28. Kd2 Ra2+ 29. Ke1 Ra1+ 30. Kd2 {Threatens to win with Nf6+.} Ra2+ 31. Ke1 {And now Nf6+ would win.} Ra1+ {Precision: White = 45%, Black = 53%.} 1/2-1/2